[Event "SRI-ch"]
[Site "Colombo"]
[Date "2023.04.03"]
[Round "12"]
[White "Weerasekara, Dishal Nimsara"]
[Black "De Silva, LMST"]
[Result "1-0"]
[WhiteElo "1652"]
[BlackElo "2452"]
[PlyCount "103"]
[EventDate "2023.03.25"]
[EventType "tourn"]
[EventRounds "13"]
[EventCountry "SRI"]
[SourceTitle "CBM 213 Extra"]
[Source "ChessBase"]
[SourceDate "2023.05.31"]
[SourceVersion "1"]
[SourceVersionDate "2023.05.31"]
[SourceQuality "1"]

1. Nf3 Nf6 2. d4 e6 3. c4 d5 4. Nc3 Bb4 5. Bf4 0-0 6. e3 a6 7. Qb3 Bd6 8. Bg5 dxc4 9. Bxc4 Nc6 10. Be2 h6 11. Bh4 b5 12. 0-0-0 Bb7 13. d5 Na5 14. Qc2 Qe8 15. Bxf6 gxf6 16. Ne4 Be7 17. Qc3 exd5 18. Nxf6+ Bxf6 19. Qxf6 Qc6+ 20. Qxc6 Bxc6 21. Ne5 Bb7 22. Rd4 Rfe8 23. Nd7 Kh8 24. Nc5 Bc6 25. Bf3 Re5 26. Nd3 Rf5 27. Nb4 Bb7 28. Nxd5 c5 29. Rd3 Nc6 30. Nf4 Na5 31. Bxb7 Nxb7 32. Rd7 Rb8 33. g4 Rf6 34. h4 c4 35. g5 Nc5 36. Rc7 Rf5 37. Rc6 b4 38. Rxh6+ Kg8 39. Rg1 b3 40. axb3 Nxb3+ 41. Kb1 Ra5 42. Kc2 c3 43. Kxc3 Rc5+ 44. Kd3 Nc1+ 45. Ke4 Rxb2 46. g6 f5+ 47. Kf3 Rcc2 48. Rxc1 Rxc1 49. Nd3 Kg7 50. Rh5 Rb5 51. Nxc1 a5 52. Rh7+ 1-0

[Event "SRI-ch"]
[Site "Colombo"]
[Date "2023.03.27"]
[Round "6"]
[White "Weerasekara, Dishal Nimsara"]
[Black "Liyanage, Ranindu Dilshan"]
[Result "1/2-1/2"]
[WhiteElo "1652"]
[BlackElo "2342"]
[PlyCount "79"]
[EventDate "2023.03.25"]
[EventType "tourn"]
[EventRounds "13"]
[EventCountry "SRI"]
[SourceTitle "CBM 213 Extra"]
[Source "ChessBase"]
[SourceDate "2023.05.31"]
[SourceVersion "1"]
[SourceVersionDate "2023.05.31"]
[SourceQuality "1"]

1. e4 c5 2. d4 d6 3. c3 Nf6 4. Bd3 cxd4 5. cxd4 Nc6 6. Nf3 Bg4 7. d5 Nb8 8. Nbd2 Nbd7 9. h3 Bh5 10. g4 Bg6 11. Nh4 e5 12. dxe6 fxe6 13. Nxg6 hxg6 14. Nb3 Ne5 15. Bb5+ Kf7 16. f3 Qb6 17. Be2 Be7 18. Qd4 Qc7 19. Bf4 Nc6 20. Qe3 Qb6 21. Qxb6 axb6 22. a3 d5 23. 0-0-0 dxe4 24. fxe4 Nxe4 25. Rd7 Rhc8 26. Kb1 Ra7 27. Rf1 Ke8 28. Rdd1 Rxa3 29. Bc4 Raa8 30. Bxe6 Rd8 31. Rde1 Ra4 32. Bc1 Nd6 33. Be3 Rb4 34. Bd2 Re4 35. Bf7+ Kd7 36. Rxe4 Nxe4 37. Bxg6 Nxd2+ 38. Nxd2 Bf6 39. Ne4 Be5 40. Ng5 1/2-1/2

[Event "SRI-chB"]
[Site "Colombo"]
[Date "2023.03.12"]
[Round "10"]
[White "Weerasekara, Dishal Nimsara"]
[Black "Alahakoon, Isuru"]
[Result "0-1"]
[WhiteElo "1652"]
[BlackElo "1874"]
[PlyCount "104"]
[EventDate "2023.03.04"]
[EventType "swiss"]
[EventRounds "11"]
[EventCountry "SRI"]
[SourceTitle "CBM 213 Extra"]
[Source "ChessBase"]
[SourceDate "2023.05.31"]
[SourceVersion "1"]
[SourceVersionDate "2023.05.31"]
[SourceQuality "1"]

1. c4 c5 2. g3 g6 3. Nf3 Bg7 4. Bg2 Nc6 5. Nc3 e6 6. 0-0 Nge7 7. d3 0-0 8. Bd2 b6 9. Rb1 d5 10. cxd5 Nxd5 11. a3 Bb7 12. Nxd5 Qxd5 13. Nh4 Qa2 14. Kh1 Rab8 15. Nf3 Rfd8 16. Qa4 Qd5 17. Bc3 Qd7 18. Bxg7 Kxg7 19. Qh4 Ne7 20. e4 Nc6 21. Rbd1 Qe7 22. Qf4 Qf6 23. Qe3 Qxb2 24. e5 Nd4 25. Nxd4 Qxd4 26. Qg5 Bxg2+ 27. Kxg2 Qd5+ 28. f3 Rf8 29. Qf6+ Kg8 30. Rfe1 b5 31. Re4 b4 32. Rh4 b3 33. Qf4 Rb7 34. Qh6 f6 35. exf6 Rxf6 36. Qe3 b2 37. Rb1 Rff7 38. Ra4 Qa2 39. Qe1 Qb3 40. Re4 Qxd3 41. Rxe6 Qxf3+ 42. Kg1 Rf8 43. Re8 Rxe8 44. Qxe8+ Kg7 45. Qe5+ Qf6 46. Qxc5 Qb6 47. Qxb6 Rxb6 48. Kf2 Kf6 49. Ke3 Kf5 50. Kf2 Ke4 51. Ke2 g5 52. Ke1 Kd3 0-1

[Event "Wch U12"]
[Site "Batumi"]
[Date "2022.09.24"]
[Round "8"]
[White "Weerasekara, Dishal Nimsara"]
[Black "Mompel Ferruz, Xavier"]
[Result "0-1"]
[WhiteElo "1599"]
[BlackElo "2096"]
[PlyCount "75"]
[EventDate "2022.09.16"]
[EventType "swiss"]
[EventRounds "11"]
[EventCountry "GEO"]
[SourceTitle "EXT 2023"]
[Source "ChessBase"]
[SourceDate "2022.10.05"]
[SourceVersion "1"]
[SourceVersionDate "2022.10.05"]
[SourceQuality "1"]

1. e4 c5 2. Nf3 e6 3. d4 cxd4 4. Nxd4 Nc6 5. c4 Nf6 6. Nc3 Bb4 7. Nxc6 dxc6 8. Qxd8+ Kxd8 9. Bd2 e5 10. 0-0-0 Ke7 11. Bd3 Be6 12. h3 Rhd8 13. Be3 Bxc3 14. bxc3 Nd7 15. Kc2 c5 16. Rb1 b6 17. g3 Nb8 18. f4 Nc6 19. f5 Bc8 20. Rb3 Kd6 21. g4 Ba6 22. Ra3 Na5 23. Ra4 Kc6 24. Be2 Rd6 25. h4 Rad8 26. g5 Kc7 27. h5 Bb7 28. Rh4 Nc6 29. Ra3 Na5 30. Kc1 Kc6 31. Rg4 Ba6 32. Rg3 Bxc4 33. Rxa5 Bxe2 34. Rxa7 Bxh5 35. Rh3 Rd3 36. Kc2 Bg4 37. Rg3 Bd1+ 38. Kb2 0-1

[Event "SRI-ch U14 Girls"]
[Site "Nugegoda"]
[Date "2021.03.10"]
[Round "3"]
[White "Weerasekara, Dishal Nimsara"]
[Black "Weerasekara, Dinul Vinsitha"]
[Result "0-1"]
[WhiteElo "1494"]
[BlackElo "1267"]
[PlyCount "58"]
[EventDate "2021.03.09"]
[EventType "tourn"]
[EventRounds "11"]
[EventCountry "SRI"]
[SourceTitle "CBM 201 Extra"]
[Source "ChessBase"]
[SourceDate "2021.05.31"]
[SourceVersion "1"]
[SourceVersionDate "2021.05.31"]
[SourceQuality "1"]

1. e4 c6 2. d4 d5 3. c4 dxe4 4. Nc3 Nf6 5. Bf4 Bf5 6. Be2 h5 7. Qb3 Qb6 8. d5 Nbd7 9. Be3 Qc7 10. Rd1 e6 11. Nh3 Nc5 12. Qc2 Nd3+ 13. Bxd3 exd3 14. Qa4 exd5 15. cxd5 Bd6 16. Rc1 Qd7 17. Kd2 cxd5 18. Qd4 0-0 19. f3 Rfe8 20. Bf4 Be7 21. Nf2 Rac8 22. Nb1 Rc4 23. Rxc4 dxc4 24. Qxa7 Bb4+ 25. Nc3 Bxc3+ 26. bxc3 Qb5 27. Kc1 d2+ 28. Kxd2 Qb2+ 29. Kd1 Qc2# 0-1

[Event "SRI-ch U14 Girls"]
[Site "Nugegoda"]
[Date "2021.03.09"]
[Round "1"]
[White "Weerasekara, Dishal Nimsara"]
[Black "Sanudula, KM Dahamdi"]
[Result "0-1"]
[WhiteElo "1494"]
[BlackElo "1687"]
[PlyCount "42"]
[EventDate "2021.03.09"]
[EventType "tourn"]
[EventRounds "11"]
[EventCountry "SRI"]
[SourceTitle "CBM 201 Extra"]
[Source "ChessBase"]
[SourceDate "2021.05.31"]
[SourceVersion "1"]
[SourceVersionDate "2021.05.31"]
[SourceQuality "1"]

1. e4 d5 2. exd5 Qxd5 3. Nc3 Qa5 4. Nf3 Nf6 5. Bc4 Bf5 6. 0-0 e6 7. b3 c6 8. Re1 Bd6 9. Bb2 0-0 10. a4 Nbd7 11. Na2 Rad8 12. Qe2 Rfe8 13. d4 Bg4 14. h3 Bh5 15. Rad1 a6 16. Qe3 Qc7 17. Bc1 Nb6 18. Qg5 Nbd5 19. Qh4 Nf4 20. Bxf4 Bxf4 21. Ne5 g5 0-1

[Event "SRI-chB"]
[Site "Maharaga"]
[Date "2020.03.06"]
[Round "1.8"]
[White "Weerasekara, Dishal Nimsara"]
[Black "De Silva, LMST"]
[Result "0-1"]
[WhiteElo "1482"]
[BlackElo "2038"]
[PlyCount "116"]
[EventDate "2020.03.06"]
[EventType "swiss"]
[EventRounds "11"]
[EventCountry "SRI"]
[SourceTitle "CBM 195 Extra"]
[Source "ChessBase"]
[SourceDate "2020.05.31"]
[SourceVersion "1"]
[SourceVersionDate "2020.05.31"]
[SourceQuality "1"]

1. e4 e5 2. Nf3 Nc6 3. Bb5 a6 4. Ba4 Nf6 5. 0-0 Be7 6. Re1 b5 7. Bb3 d6 8. c3 0-0 9. d4 exd4 10. cxd4 Bg4 11. Be3 Na5 12. Bc2 Nc4 13. Bc1 Nd7 14. b3 Ncb6 15. Bb2 Re8 16. Qd3 Bh5 17. Nbd2 Bf6 18. a4 bxa4 19. bxa4 a5 20. e5 Bg6 21. Qb3 dxe5 22. Bxg6 hxg6 23. dxe5 Nc5 24. Qc2 Be7 25. e6 f5 26. Ne5 Ncxa4 27. Nxg6 Nxb2 28. Qxf5 Qxd2 29. Qf7+ Kh7 30. Nxe7 Rxe7 31. Qxe7 Nd3 32. Rf1 Qf4 33. g3 Qe4 34. Qxc7 Nc4 35. Qf7 Nce5 36. Qh5+ Kg8 37. f3 Qe3+ 38. Kh1 g6 39. Qh3 Nf2+ 40. Rxf2 Qxf2 41. Rf1 Qe2 42. Qg2 Qxg2+ 43. Kxg2 a4 44. Ra1 a3 45. Kf2 Nc6 46. Ke3 Na5 47. Ra2 Nb3 48. Ke4 Nc1 49. Rc2 a2 50. Rxc1 a1Q 51. Rxa1 Rxa1 52. Kf4 Re1 53. h4 Rxe6 54. Kg5 Kg7 55. f4 Re3 56. g4 Rf3 57. h5 gxh5 58. gxh5 Rg3+ 0-1